00265nam a2200097Ia 4500008004100000041000800041100002800049245003600077260003500113999001900148241105s9999 xx 000 0 und d aeng aPatankar Rutuja9182583 aInternational Airport At Nagpur bFinal Year B. Arch, BNCAc2014 c360874d360874